000 00518nam a2200217Ia 4500
003 OSt
005 20221005123048.0
006 a|||||r|||| 00| 0
007 ta
008 221004b |||||||| |||| 00| 0 eng d
024 _a38515
037 _cTextual
040 _aCRL
_cCRL
_beng
041 _2eng
_aeng
082 _aO:2M61:13, H7
245 0 _aKing of the dark chamber
260 _c1947
650 _aENGLISH LITERATURE
942 _hO:2M61:13, H7
_cTEXL
_2cc
999 _c1046267
_d1046267